Statistics for Australian Football League Teams

Click here to take the quiz!

General Stats

  • This quiz has been taken 2,016 times
  • The average score is 15 of 18

Answer Stats

Answer% Correct
Sydney Swans
96%
Adelaide Crows
92%
Brisbane Lions
91%
Collingwood Magpies
89%
Geelong Cats
88%
Melbourne Demons
88%
Gold Coast Suns
86%
Hawthorn Hawks
86%
Fremantle Dockers
85%
Essendon Bombers
84%
North Melbourne Kangaroos
84%
Port Adelaide Power
84%
West Coast Eagles
84%
Carlton Blues
82%
GWS Giants
82%
Richmond Tigers
82%
St Kilda Saints
81%
Western Bulldogs
81%

Score Distribution

Percentile by Number Answered

Percent of People with Each Score

Your Score History

You have not taken this quiz